La escuela y los medios de comunicación masiva.

I tiakina i:
Ngā taipitopito rārangi puna kōrero
Kaituhi matua: Córtes Rocha, Carmen (autor)
Hōputu: Pukapuka
Reo:Pāniora
Rangatū:(Biblioteca pedagógica ; no. 11)
Ngā marau:
Ngā Tūtohu: Tāpirihia he Tūtohu
Kāore He Tūtohu, Me noho koe te mea tuatahi ki te tūtohu i tēnei pūkete!

MARC

LEADER 00000cam^a2200000uu^4500
001 000479927
005 20250521000000.0
008 050901s1986^^^^^^^^^^^^rd^r^^000^0^spa^d
009 20260310124950.772
022 |a 96861125094 
035 |a FCE 000022934 
035 |a FCE 004113 
037 |a Acervo ITESO - Biblioteca 
041 |a spa 
082 0 4 |a 082.1  |b SECa 11 
100 |a Córtes Rocha, Carmen  |e (autor) 
245 1 3 |a La escuela y los medios de comunicación masiva. 
264 |a México :  |b SEP : El Caballito,  |c 1986. 
300 |a 159 p. 
336 |a texto  |b txt  |2 rdacontenido 
337 |a sin mediación  |b n  |2 rdamedio 
338 |a volumen  |b nc  |2 rdasoporte 
440 0 |a (Biblioteca pedagógica ;  |v no. 11) 
649 |a XX 
650 |a Docentes 
650 |a Sistema educativo 
650 |a Medios de comunicación 
650 |a Televisión 
650 |a Radio 
650 |a América Latina 
910 |a Fondo Centro de Estudios Educativos 
920 |a Impresos - Libros 
930 |a Fondos Especiales 
905 |a 133 
901 |a ALE004113  |b IT2  |c CEE  |u 20250521 
901 |a ALE045373  |b IT2  |c CEE  |u 20250521 
901 |a ALE045374  |b IT2  |c CEE  |u 20250521 
902 |a https://opac.biblio.iteso.mx/vufind/Record/000479927